Chip 3/08

Uložené v:
Podrobná bibliografia
Médium: Elektronický zdroj
Jazyk:Slovak
Czech
Vydané: [Praha] : Vogel Burda Communications, 2008.
Fyzický popis: 1 DVD-ROM.
Tagy: Pridať tag
Žiadne tagy, Buďte prvý kto otaguje tento záznam!

MARC

LEADER 00000nmm a2200000 a 4500
001 000322708
003 SVKKK
005 20080429102302.0
008 080206s2008 xo slo#d
040 |a SVKKK  |b slo  |c SVKKK  |e AACR2 
041 0 |a cze 
080 |a 004.38  |2 2001 
245 0 0 |a Chip  |n 3/08  |h elektronický zdroj 
260 |a [Praha] :  |b Vogel Burda Communications,  |c 2008. 
300 |a 1 DVD-ROM. 
500 |a Príl. k čas. Chip 
500 |a Zdarma DVD 8GB 
500 |a Film pro DVD přehrávače Zemětřesení (přírodní síly v přímém přenosu) 
500 |a Partition Manager 8.5 : DVD Photo Slideshow 6.41 : Pinnacle Videospin 1.1 : McAfee IS Suite 2008 : Google Pack od Chipu : Mobil edit! 2.7 : Freeware lepší než Nero : Mini Linux 
910 |a svkkk 
998 |a ER 
090 |g SCKHL  |k Konzultanti  |a DVC.559  |j 592  |i 2720409673  |s Príručka / Študovňa 
924 |a AVM